Jesus and his contemporaries : (Record no. 8459)

MARC details
000 -LEADER
fixed length control field 00683nam a22002177a 4500
003 - CONTROL NUMBER IDENTIFIER
control field GBCCL
005 - DATE AND TIME OF LATEST TRANSACTION
control field 20241126110651.0
008 - FIXED-LENGTH DATA ELEMENTS--GENERAL INFORMATION
fixed length control field 210222b ||||| |||| 00| 0 eng d
020 ## - INTERNATIONAL STANDARD BOOK NUMBER
International Standard Book Number 0391041185
020 ## - INTERNATIONAL STANDARD BOOK NUMBER
International Standard Book Number 9780391041189
040 ## - CATALOGING SOURCE
Transcribing agency gbc
082 ## - DEWEY DECIMAL CLASSIFICATION NUMBER
Classification number 232.901
Item number EVA
100 ## - MAIN ENTRY--PERSONAL NAME
Personal name Evans, Craig A.
9 (RLIN) 12767
245 ## - TITLE STATEMENT
Title Jesus and his contemporaries :
Remainder of title comparative studies /
Statement of responsibility, etc. by Craig A. Evans.
260 ## - PUBLICATION, DISTRIBUTION, ETC.
Place of publication, distribution, etc. Boston:
Name of publisher, distributor, etc. Brill academic publishers,
Date of publication, distribution, etc. 2001
300 ## - PHYSICAL DESCRIPTION
Extent xiii, 532 p. ;
Other physical details 25 cm.
650 ## - SUBJECT ADDED ENTRY--TOPICAL TERM
Topical term or geographic name entry element Jesus Christ
Form subdivision Biography
General subdivision Public life.
9 (RLIN) 14829
650 ## - SUBJECT ADDED ENTRY--TOPICAL TERM
Topical term or geographic name entry element Jesus Christ
Form subdivision Friends and associates.
9 (RLIN) 14830
650 ## - SUBJECT ADDED ENTRY--TOPICAL TERM
Topical term or geographic name entry element Jesus Christ
Form subdivision Historicity.
9 (RLIN) 14787
942 ## - ADDED ENTRY ELEMENTS (KOHA)
Source of classification or shelving scheme Dewey Decimal Classification
Koha item type Books
Holdings
Withdrawn status Lost status Source of classification or shelving scheme Damaged status Not for loan Home library Current Library Shelving location Date acquired Total checkouts Full call number Barcode Date last seen Copy number Price effective from Koha item type
    Dewey Decimal Classification     GRACE BIBLE COLLEGE GRACE BIBLE COLLEGE Theology 2021-02-22   232.901 EVA 020088 2025-05-01 c.1 2021-02-22 Books
© Grace Bible College Library 2025